000 00523nam a2200181Ia 4500
999 _c28003
_d28003
003 OSt
005 20201222122309.0
008 190216s9999||||xx |||||||||||||| ||und||
020 _a97881240079914
040 _coclc
082 _a894.8128
_bZAC/O
100 _aZacharia, Jolly
_97768
245 0 _aO N V Kavitha :
_bMozhiyum Porulum /
_cJolly Zacharia
260 _bCurrent Books,
_aKottayam:
_c1999.
300 _a76p
650 _aMalayalam
942 _cBK
_2ddc
_h894.8128
_iZAC/O
_k894.8128
_mZAC/O